000 00483nam a2200157Ia 4500
008 160316s1999 xxu||||| |||| 00| 0 eng d
082 _a821.700000
_bHOL
100 _aHolmes Richard
245 _aColeridge : Darker reflections, 1804-1834
250 _a
260 _aNew York
_bPantheon Books
_c1999
300 _a629p
_b
_c
365 _b Gratis
650 _a1. Coleridge Samuel Taylor - 1772 - 1834 2. Poets - English - 19th Century - Biography 3. Critics - U K
700 _a
_a
999 _c38643
_d38643